Lana Del Rey Album Covers - Click Quiz - Statistics

General Stats
  • This quiz has been taken 1,035 times
  • The average score is 8 of 10
Answer Stats
Hint Answer % Correct
Norman F*cking Rockwell!
91%
Ultraviolence
89%
Chemtrails Over The Country Club
88%
Born To Die: The Paradise Edition
87%
Did you know that there's a tunnel under Ocean Blvd
86%
Lust For Life
83%
Honeymoon
82%
Born To Die
82%
Blue Banisters
80%
Lana Del Ray
75%
No matching quizzes found
Score Distribution
Percent of People with Each Score
Percentile by Number Answered
Your Score History
You have not taken this quiz